| 000 | 00833nam a2200241Ia 4500 | ||
|---|---|---|---|
| 003 | GCL | ||
| 008 | 140319s9999 xx 000 0 ara d | ||
| 020 | _a0202414977 | ||
| 040 |
_aGCL / _cGCL |
||
| 082 | 0 | 4 |
_a814.008 _bس ح |
| 100 | 1 | _aسكينة فؤاد | |
| 245 | 1 | 0 |
_aحروب جديدة - حجج وشهادات / _cسكينة فؤاد |
| 250 | _aالاولى | ||
| 260 |
_aالقاهرة : _bنهضة مصر للطباعة والنشر والتوزيع ، _c2003 |
||
| 300 |
_a366 ص ؛ _c20 سم |
||
| 650 | 0 | 4 | _aالمقالات العربية |
| 650 | 0 | 4 | _aالسياسة - مقالات و محاضرات |
| 650 | 0 | 4 | _aمصر - تاريخ - مقالات ومحاضرات |
| 650 | 0 | 4 | _aالتاريخ - مقالات |
| 650 | 0 | 4 | _aالاسماك - تربية |
| 650 | 0 | 4 | _aمصطفى الجبلى |
| 942 |
_2ddc _cBK |
||
| 999 |
_c5592 _d5592 |
||